000 00943nas a2200301 4500
001 BR0003492
003 BR-BrBNA
005 20231205101941.0
007 ta
008 230509b bl.|||p| |||| 00| 00por d
040 _aBR-BrBNA
_bpor
_cBiblioteca Nacional de Agricultura
041 _a(Pt)
072 _aL10
100 1 _aCortes, C.G.P.
100 1 _aRodrigues, J.L.
245 1 _aSobrevivencia de blastocistos Mus domesticus domesticus vitrificados em meio contendo 9,0M de etileno glicol na presenca de sacarose
650 _aRoedor
650 _aEmbriao Animal
650 _aExperiencia de Laboratorio
650 _aGenetica Molecular
650 _aSacarose
650 _aCrioscopia
650 _aCultura de Embriao
650 _aMeio de Cultura
773 0 _tCiencia Rural (Brazil)
_xISSN 0103-8478
_g(May-Jun 2000), v. 30(3) p. 461-467
_wBR0003492
909 _a202311
_bLúcia
_c55
_dLúcia Elande
942 _2AGRIS
_n0
_cANA
999 _c164891
_d164891